000 01403nam a2200373Ia 4500
001 ebr10716625
003 CaPaEBR
006 m o u
007 cr cn|||||||||
008 101020s2010 dcua sb 001 0 eng d
010 _z 2010044835
020 _z0875903231
020 _z9780875903231
020 _z9781118671566 (ebook)
040 _aCaPaEBR
_cCaPaEBR
035 _a(OCoLC)772504815
050 1 4 _aGB1203.2
_bW64 2010eb
082 0 4 _a551.48/309143
_223
100 1 _aWohl, Ellen E.,
_d1962-
245 1 0 _aMountain rivers revisited
_h[electronic resource] /
_cEllen Wohl.
260 _aWashington, DC :
_bAmerican Geophysical Union/Geopress,
_cc2010.
300 _aviii, 573 p. :
_bill.
490 1 _aWater resources monograph,
_x0170-9600 ;
_v19
504 _aIncludes bibliographical references and index.
533 _aElectronic reproduction.
_bPalo Alto, Calif. :
_cebrary,
_d2013.
_nAvailable via World Wide Web.
_nAccess may be limited to ebrary affiliated libraries.
650 0 _aMountains.
650 0 _aRivers.
655 7 _aElectronic books.
_2local
700 1 _aWohl, Ellen E.,
_d1962-
_tMountain rivers.
710 2 _aebrary, Inc.
710 2 _aAmerican Geophysical Union.
830 0 _aWater resources monograph ;
_v19.
856 4 0 _uhttp://site.ebrary.com/lib/rucke/Doc?id=10716625
_zAn electronic book accessible through the World Wide Web; click to view
999 _c40248
_d40248